| 000 | 00500nam a22001817a 4500 | ||
|---|---|---|---|
| 003 | OSt | ||
| 005 | 20170303103652.0 | ||
| 008 | 160517b xxu||||| |||| 00| 0 eng d | ||
| 010 | _a2006910206 | ||
| 020 | _a9780324382495 | ||
| 040 | _cn/a | ||
| 050 |
_aHF5635 _b.H45 2008 |
||
| 100 | _aHeintz,James A. | ||
| 245 |
_aCollege accounting/ _c Robert W. Parry & Heintz,James A. _bChapters 1-15. |
||
| 250 | _a19th ed | ||
| 260 |
_aMason, OH : _bThomson/South-Western, _cc2008. |
||
| 942 |
_2lcc _cBK |
||
| 999 |
_c253807 _d253806 |
||